000 00966cam a2200265 4500
001 WB3714-34
008 000000n2001 000 0 eng u
035 _a(Sirsi) u111765
245 _aBridging the European divide
260 _c2001
490 _aFinancial Times
_v 30 March 2001, 32(1)
520 _aA UN report highlights the growing gap between eastern and central Europe. Explores the issue that both markets need more than just investment capital. Report prepared by the RICS Foundation for the UN Eastern and Central Europe Real Estate Advisory Group, available at http://www.rics-foundation.org to download.
590 _aWB
650 _aEUROPE
650 _aPROPERTY MARKET
650 _aPROPERTY INVESTMENT
650 _aUNITED NATIONS
650 _aCENTRAL EUROPE
650 _aEASTERN EUROPE
650 _aTRANSITION ECONOMICS
650 _aRICS RESEARCH
650 _aUN ECE REAG
690 _aINTERNATIONAL-EUROPE
942 _n0
999 _c66591
_d66591